Estudio del intercambio entre las carreteras Zapote-Tres Rios y Curridabat-Desamparados
Shranjeno v:
| Glavni avtor: | |
|---|---|
| Format: | Knjiga |
| Izdano: |
[San José , Costa Rica]
1985
|
| Teme: | |
| Oznake: |
Označite
Brez oznak, prvi označite!
|
MARC
| LEADER | 00000nam a2200000Ia 4500 | ||
|---|---|---|---|
| 003 | 002956 | ||
| 005 | 20221231144401.0 | ||
| 008 | 140114s1985 cr a m 000 ||s d | ||
| 040 | |c cru CEDI | ||
| 090 | |a TFG 1729 | ||
| 100 | |a De Simone Castellon, Marcello |9 14493 | ||
| 245 | |a Estudio del intercambio entre las carreteras Zapote-Tres Rios y Curridabat-Desamparados | ||
| 260 | |c 1985 |a [San José , Costa Rica] | ||
| 300 | |a 193 hojas : ilustraciones (algunas plegables) | ||
| 500 | |a Proyecto de graduación (ingeniero civil)--Universidad de Costa Rica. Facultad de Ingeniería. Escuela de Ingenieria Civil | ||
| 650 | |x CAMINOS -- INTERCAMBIOS E INTERSECCIONES |x kCARRETERA ZAPOTE-TRES RIOS |x CARRETERA CURRIDABAT-DESAMPARADOS (SAN JOSE, COSTA RICA) |9 14494 | ||
| 942 | |c TFG |2 ddc | ||
| 999 | |c 21078 |d 21078 | ||
